| 000 | 00737cab a2200229 4500 | ||
|---|---|---|---|
| 001 | WB3207-13 | ||
| 008 | 090401t1996 xxu||||| |||| 00| 0 eng d | ||
| 035 | _a(Sirsi) u27860 | ||
| 041 | _aeng | ||
| 245 | 4 | _aThe value in a land bank | |
| 260 | _c1996 | ||
| 350 | _a0 | ||
| 490 |
_aFinancial Times _v16 February 1996, 16(1) |
||
| 520 | _aExtols the virtues of sustaining a number of property options in order to profit in an uncertain market. Uses St Modwen`s strategy as an example. | ||
| 650 | _aLAND BANK | ||
| 650 | _aPROPERTY COMPANIES | ||
| 650 | _aPROPERTY DEVELOPMENT | ||
| 650 | _aST MODWEN | ||
| 690 | _aPROPERTY-COMMERCIAL PROPERTY-COMMERCIAL PROPERTY FINANCE AND INVESTMENT | ||
| 942 | _n0 | ||
| 948 | _c04/03/1997 | ||
| 999 |
_c18776 _d18776 |
||